000 00705nam a2200229Ia 4500
003 OSt
005 20220925232146.0
006 a|||||r|||| 00| 0
007 ta
008 220923b |||||||| |||| 00| 0 eng d
037 _cGeneral Book
040 _aRTL
_cRTL
_beng
041 _2eng
_aeng
082 _aY2:22.73aN65<--N35, K9
100 _aStraus Murray A
_9134196
245 0 _aFamily measurement techniques
_b Abstracts of publis
260 _aMinneapolis
_bUniversity of Minnesota
_c1969
300 _a316p
_ccm.
500 _aBibliography at the end of each chapter
942 _hY2:22.73aN65<--N35, K9
_cGB
_2CC
999 _c590474
_d590474